| 000 | 01127cam a22003254a 4500 | ||
|---|---|---|---|
| 001 | 3089 | ||
| 003 | FISKH | ||
| 005 | 20240205122317.0 | ||
| 008 | 060925s2007 enka j 001 0 eng | ||
| 010 | _a 2006028698 | ||
| 020 | _a9780756627003 | ||
| 020 | _a9780756626990 (pbk.) | ||
| 040 |
_aDLC _cDLC _dDLC _beng |
||
| 042 | _alcac | ||
| 050 | 0 | 0 |
_aPN6728.F33 _bK45 2007 |
| 082 | 0 | 0 |
_a741.5/973 _222 |
| 100 | 1 | _aKelly, Neil. | |
| 245 | 1 | 0 |
_aFantastic Four : _bthe world's greatest superteam / _cwritten by Neil Kelly. |
| 260 |
_aNew York : _bDorling Kindersley, _c2007 |
||
| 300 |
_a48 pages : _bcolor illustrations ; _c23 cm. |
||
| 490 | 0 |
_aDK readers. _aLevel 3, _aReading alone |
|
| 504 | _aIncludes index. | ||
| 505 | _aK | ||
| 520 | _aText and pictures describe the Superhero team, The Fantastic Four, their powers, their enemies, their allies, and the technology they use to fight evil. | ||
| 521 | 8 |
_a510
_bLexile |
|
| 521 | 8 |
_aK
_bRaz-Plus |
|
| 650 | 0 |
_aFantastic Four (Fictitious characters) _xComic books, strips, etc. |
|
| 906 |
_a7 _bcbc _corignew _d1 _eecip _f20 _gy-gencatlg |
||
| 942 |
_2ddc _cBK _n0 |
||
| 999 |
_c3089 _d3089 |
||